000 00505nam a22001817a 4500
003 MPLRDC
005 20220104191530.0
008 210129b ||||| |||| 00| 0 eng d
020 _a983-3098-90-8
082 _a783.868 DXH
100 _a戴小华 总编辑; 叶啸 主编
245 _a当代马华作家百人传
_c
250 _a第一版
260 _a马来西亚
_b马来西亚华人作家协会
_c2006
300 _b
650 _a马来西亚华人作家传记
942 _cBK
_o783.868 DXH
999 _c64283
_d64273